000
00311nam a22001217a 4500
008
230703b xxu||||| |||| 00| 0 eng d
082
_a
352.04
_b
LUC
100
_c
B. Keith-Lucas
245
_a
The English Local Government Franchise
_b
A Short History
260
_b
Oxford
_c
1952
300
_a
258p
942
_2
ddc
_c
BK
999
_c
3254
_d
3254